<?xml version="1.0" encoding="UTF-8"?>
<record
    xmlns:xsi="http://www.w3.org/2001/XMLSchema-instance"
    xsi:schemaLocation="http://www.loc.gov/MARC21/slim http://www.loc.gov/standards/marcxml/schema/MARC21slim.xsd"
    xmlns="http://www.loc.gov/MARC21/slim">

  <leader>01340nam a22002537a 4500</leader>
  <controlfield tag="005">20170124103203.0</controlfield>
  <datafield tag="010" ind1=" " ind2=" ">
    <subfield code="a">B-070706</subfield>
  </datafield>
  <datafield tag="020" ind1=" " ind2=" ">
    <subfield code="c">200.00</subfield>
    <subfield code="a">8188066053</subfield>
  </datafield>
  <datafield tag="035" ind1=" " ind2=" ">
    <subfield code="a">B-070706</subfield>
  </datafield>
  <datafield tag="037" ind1=" " ind2=" ">
    <subfield code="b">Cen Lib/Ret</subfield>
  </datafield>
  <datafield tag="040" ind1=" " ind2=" ">
    <subfield code="a">DPL</subfield>
    <subfield code="b">HN</subfield>
  </datafield>
  <datafield tag="082" ind1=" " ind2=" ">
    <subfield code="a">591</subfield>
    <subfield code="b">&#x926;&#x93F;&#x935;&#x947;&#x926;&#x940; </subfield>
  </datafield>
  <datafield tag="100" ind1=" " ind2=" ">
    <subfield code="a">&#x926;&#x93F;&#x935;&#x947;&#x926;&#x940;, &#x928;&#x93F;&#x936;&#x93E; </subfield>
    <subfield code="9">92663</subfield>
  </datafield>
  <datafield tag="245" ind1=" " ind2=" ">
    <subfield code="a">&#x92A;&#x94D;&#x930;&#x93E;&#x923;&#x940; &#x91C;&#x917;&#x924; &#x938;&#x947; &#x92A;&#x930;&#x93F;&#x91A;&#x92F; :</subfield>
    <subfield code="c">&#x928;&#x93F;&#x936;&#x93E; &#x926;&#x93F;&#x935;&#x947;&#x926;&#x940;</subfield>
    <subfield code="b">&#x936;&#x93F;&#x936;&#x941;-&#x91C;&#x940;&#x935;&#x928; &#x92E;&#x947;&#x902; &#x92E;&#x93E;&#x924;&#x93E; &#x915;&#x93E; &#x926;&#x942;&#x927; &#x92A;&#x940;&#x915;&#x930; &#x92A;&#x94B;&#x937;&#x923; &#x92A;&#x93E;&#x928;&#x947; &#x935;&#x93E;&#x932;&#x947; &#x91C;&#x902;&#x924;&#x941;&#x913;&#x902; &#x915;&#x940; &#x915;&#x939;&#x93E;&#x928;&#x940; /</subfield>
  </datafield>
  <datafield tag="246" ind1=" " ind2=" ">
    <subfield code="a">Prani jagat se parichay : shishu-javan mein mata ka doodh pikar poshan pane vale jantuon ki kahani /</subfield>
    <subfield code="b">by Nisha Diwedi </subfield>
  </datafield>
  <datafield tag="260" ind1=" " ind2=" ">
    <subfield code="a">&#x926;&#x93F;&#x932;&#x94D;&#x932;&#x940; </subfield>
    <subfield code="b">&#x91C;&#x917;&#x924;&#x930;&#x93E;&#x92E; &#x90F;&#x902;&#x921; &#x915;&#x92E;&#x94D;&#x92A;&#x928;&#x940; </subfield>
    <subfield code="c">2002</subfield>
  </datafield>
  <datafield tag="270" ind1=" " ind2=" ">
    <subfield code="b">&#x926;&#x93F;&#x932;&#x94D;&#x932;&#x940;</subfield>
    <subfield code="a">&#x90F;-334, &#x928;&#x908; &#x938;&#x92C;&#x94D;&#x91C;&#x940; &#x92E;&#x902;&#x921;&#x940;, &#x906;&#x91C;&#x93E;&#x926;&#x92A;&#x941;&#x930; </subfield>
    <subfield code="e">110033</subfield>
  </datafield>
  <datafield tag="300" ind1=" " ind2=" ">
    <subfield code="a">151&#x92A;&#x943;. </subfield>
    <subfield code="c">21&#x938;&#x947;&#x92E;&#x940; (&#x938;&#x91C;&#x93F;&#x932;&#x94D;&#x926;)</subfield>
    <subfield code="e">&#x92E;&#x93E;&#x928;&#x91A;&#x93F;&#x924;&#x94D;&#x930; </subfield>
  </datafield>
  <datafield tag="650" ind1=" " ind2=" ">
    <subfield code="a">&#x91C;&#x902;&#x924;&#x941; &#x935;&#x93F;&#x91C;&#x94D;&#x91E;&#x93E;&#x928; -- &#x938;&#x94D;&#x924;&#x928;&#x927;&#x93E;&#x930;&#x940; &#x91C;&#x902;&#x924;&#x941; </subfield>
    <subfield code="9">87532</subfield>
  </datafield>
  <datafield tag="650" ind1=" " ind2=" ">
    <subfield code="a">&#x938;&#x94D;&#x924;&#x93E;&#x928;&#x94D;&#x92A;&#x94B;&#x937;&#x940; &#x91C;&#x902;&#x924;&#x941; </subfield>
    <subfield code="9">2462</subfield>
  </datafield>
  <datafield tag="650" ind1=" " ind2=" ">
    <subfield code="a">Zoology -- Mammals</subfield>
    <subfield code="9">92664</subfield>
  </datafield>
  <datafield tag="650" ind1=" " ind2=" ">
    <subfield code="a">Stanposhi animals</subfield>
    <subfield code="9">92665</subfield>
  </datafield>
  <datafield tag="942" ind1=" " ind2=" ">
    <subfield code="2">ddc</subfield>
    <subfield code="c">HN</subfield>
    <subfield code="h">591</subfield>
    <subfield code="m">&#x926;&#x93F;&#x935;&#x947;&#x926;&#x940; </subfield>
  </datafield>
  <datafield tag="999" ind1=" " ind2=" ">
    <subfield code="c">120797</subfield>
    <subfield code="d">120797</subfield>
  </datafield>
  <datafield tag="952" ind1=" " ind2=" ">
    <subfield code="0">0</subfield>
    <subfield code="1">0</subfield>
    <subfield code="4">0</subfield>
    <subfield code="7">0</subfield>
    <subfield code="a">L</subfield>
    <subfield code="b">L</subfield>
    <subfield code="d">2015-09-28</subfield>
    <subfield code="e">Cen Lib/Ret</subfield>
    <subfield code="g">200.00</subfield>
    <subfield code="l">1</subfield>
    <subfield code="o">591 &#x926;&#x93F;&#x935;&#x947;&#x926;&#x940;</subfield>
    <subfield code="p">B-070706</subfield>
    <subfield code="r">2018-01-24 00:00:00</subfield>
    <subfield code="s">2018-01-08</subfield>
    <subfield code="t">1</subfield>
    <subfield code="v">200.00</subfield>
    <subfield code="w">2015-09-28</subfield>
    <subfield code="y">HN</subfield>
  </datafield>
</record>
